Ocean waves : (Record no. 27345)

000 -LEADER
fixed length control field 02372nam a2200349 i 4500
006 - FIXED-LENGTH DATA ELEMENTS--ADDITIONAL MATERIAL CHARACTERISTICS--GENERAL INFORMATION
fixed length control field m|||||o||d||||||||
007 - PHYSICAL DESCRIPTION FIXED FIELD--GENERAL INFORMATION
fixed length control field cr||||||||||||
008 - FIXED-LENGTH DATA ELEMENTS--GENERAL INFORMATION
fixed length control field 090409s1998||||enk o ||1 0|eng|d
020 ## - INTERNATIONAL STANDARD BOOK NUMBER
International Standard Book Number 9780511529559 (ebook)
040 ## - CATALOGING SOURCE
Original cataloging agency UkCbUP
Language of cataloging eng
Description conventions rda
082 00 - DEWEY DECIMAL CLASSIFICATION NUMBER
Classification number 551.47/02
Edition number 21
100 1# - MAIN ENTRY--PERSONAL NAME
Personal name Ochi, Michel K.,
245 10 - TITLE STATEMENT
Title Ocean waves :
Remainder of title the stochastic approach /
300 ## - PHYSICAL DESCRIPTION
Extent 1 online resource (xii, 319 pages) :
Other physical details digital, PDF file(s).
490 1# - SERIES STATEMENT
Series statement Cambridge ocean technology series ;
Volume number/sequential designation 6
500 ## - GENERAL NOTE
General note Title from publisher's bibliographic system (viewed on 05 Oct 2015).
520 ## - SUMMARY, ETC.
Summary, etc This book describes the stochastic method for ocean wave analysis. This method provides a route to predicting the characteristics of random ocean waves - information vital for the design and safe operation of ships and ocean structures. Assuming a basic knowledge of probability theory, the book begins with a chapter describing the essential elements of wind-generated random seas from the stochastic point of view. The following three chapters introduce spectral analysis techniques, probabilistic predictions of wave amplitudes, wave height and periodicity. A further four chapters discuss sea severity, extreme sea state, the directional wave energy spreading in random seas and special wave events such as wave breaking and group phenomena. Finally the stochastic properties of non-Gaussian waves are presented. Useful appendices and an extensive reference list are included. Examples of practical applications of the theories presented can be found throughout the text. This book will be suitable as a text for graduate students of naval, ocean and coastal engineering. It will also serve as a useful reference for research scientists and engineers working in this field.
650 #0 - SUBJECT ADDED ENTRY--TOPICAL TERM
Topical term or geographic name as entry element Ocean waves.
776 08 - ADDITIONAL PHYSICAL FORM ENTRY
Display text Print version:
International Standard Book Number 9780521563789
830 #0 - SERIES ADDED ENTRY--UNIFORM TITLE
Uniform title Cambridge ocean technology series ;
Volume number/sequential designation 6.
856 40 - ELECTRONIC LOCATION AND ACCESS
Uniform Resource Identifier <a href="https://doi.org/10.1017/CBO9780511529559">https://doi.org/10.1017/CBO9780511529559</a>
264 #1 -
-- Cambridge :
-- Cambridge University Press,
-- 1998.
336 ## -
-- text
-- txt
-- rdacontent
337 ## -
-- computer
-- c
-- rdamedia
338 ## -
-- online resource
-- cr
-- rdacarrier

No items available.

Designed and Maintained by IMU-KC Library, Kolkata Campus © Copyright All Rights Reserved

webs counters

Powered by Koha